Xã hội dân sự ở Malaysia và Thái Lan
Tổng quan về xã hội dân sự. Trình bày về xã hội dân sự ở Malaysia và Thái Lan trong tương quan so sánh với nhau
Bewaard in:
| Hoofdauteur: | |
|---|---|
| Formaat: | Boek |
| Taal: | Undetermined |
| Gepubliceerd in: |
Hà Nội
Khoa học xã hội
2009
|
| Onderwerpen: | |
| Tags: |
Voeg label toe
Geen labels, Wees de eerste die dit record labelt!
|
| Thư viện lưu trữ: | Trung tâm Học liệu Trường Đại học Cần Thơ |
|---|
| LEADER | 00925nam a2200217Ia 4500 | ||
|---|---|---|---|
| 001 | CTU_165919 | ||
| 008 | 210402s9999 xx 000 0 und d | ||
| 020 | |c 62000 | ||
| 082 | |a 323.159 | ||
| 082 | |b H561 | ||
| 100 | |a Lê, Thị Thanh Hương | ||
| 245 | 0 | |a Xã hội dân sự ở Malaysia và Thái Lan | |
| 245 | 0 | |c Lê Thị Thanh Hương | |
| 260 | |a Hà Nội | ||
| 260 | |b Khoa học xã hội | ||
| 260 | |c 2009 | ||
| 520 | |a Tổng quan về xã hội dân sự. Trình bày về xã hội dân sự ở Malaysia và Thái Lan trong tương quan so sánh với nhau | ||
| 650 | |a Civil society,Religion and civil society,Xã hội dân sự,Khu vực và xã hội dân sự | ||
| 650 | |z Southeast Asia,Southeast Asia,Đông Nam Á,Đông Nam Á | ||
| 904 | |i Trọng Hiếu | ||
| 980 | |a Trung tâm Học liệu Trường Đại học Cần Thơ | ||